| 000 | 01867nam0a22003851 4500 | ||
|---|---|---|---|
| 001 | v19\rc\1874113 | ||
| 005 | 20251118180501.6 | ||
| 035 | _a(NLR Aleph) 004988273 | ||
| 090 |
_a6258131 _c6258131 |
||
| 100 | _a20080221d1911 |||y0rusy50 ca | ||
| 101 | 1 |
_arus _aepo _cfre |
|
| 102 | _aRU | ||
| 105 | _ay z ||||| | ||
| 200 | 1 |
_aЭсперанто в десять уроков _e(Самоучитель яз. эсперанто) _fТ. Кар и М. Панье _gПер. с фр. яз. и доп., применительно к рус. Б. Тиличев _gПод ред. А.А. Сахарова _g[Предисл. Б. Тиличева] |
|
| 205 | _a3-е изд., испр. и доп. | ||
| 210 |
_aМосква _cЭсперанто _d1911 |
||
| 215 |
_a50 с. _d18 |
||
| 316 |
_aЭкземпляр РНБ (37.45.10.158): утрачен _5NLR: 37.45.10.158 |
||
| 327 | 0 | _aС. 68-78: Главнейшие особенности языка эсперанто сравнительно с русским / Сост. А.А. Сахаров | |
| 464 | 0 |
_12001#$aГлавнейшие особенности языка эсперанто сравнительно с русским$fСост. А.А. Сахаров _1215##$aС. 68-78 _1700#1$aСахаров$bА.А.$gАлександр Андреевич |
|
| 700 | 1 |
_6z01790 _aКар _bТ. _gТеофиль |
|
| 701 | 1 |
_aПанье _bМ. |
|
| 702 | 1 |
_6z02790 _aТиличеев _bБ. _4730 _4212 |
|
| 702 | 1 |
_aСахаров _bА. А. _gАлександр Андреевич _4340 |
|
| 790 | 1 |
_6z01700 _aКар _bТ. _gТеофил |
|
| 790 | 1 |
_6z02702 _aТиличев _bБ. |
|
| 801 | 0 |
_aRU _bNLR _gpsbo |
|
| 801 | 0 |
_aRU _bRuMoRGB _2psbo |
|
| 801 | 1 |
_aRU _bProSoft-M _2rusmarc |
|
| 852 |
_aNLR _j37.45.10.158 |
||
| 899 |
_aRuMoRGB _jU 86/496 |
||
| 899 |
_aRuMoRGB _jF 61/417 (ключ) |
||
| 899 | _aБАН | ||
| 942 | _cBOOK | ||
| 980 | _aNB | ||